Servei de Polítiques de Diversitat i Ciutadania : productes i serveis per als ajuntaments productes i serveis per als ajuntaments
Descripción Física:
15 p. : fot. ; 21 cm
MARC
| LEADER | 00000nam a2200000Ia 4500 | ||
|---|---|---|---|
| 001 | 19378 | ||
| 008 | 160829s2005 xx 000 0 cat d | ||
| 080 | |a FU-4-31 | ||
| 110 | 1 | |a Barcelona (Catalunya : Província). |b Servei de Polítiques de Diversitat i Ciutadania |9 52870 | |
| 245 | |a Servei de Polítiques de Diversitat i Ciutadania : |b productes i serveis per als ajuntaments | ||
| 260 | |a Barcelona : |b Diputació de Barcelona. Àrea d'Igualtat i Ciutadania, |c 2005 | ||
| 300 | |a 15 p. : |b fot. ; |c 21 cm | ||
| 650 | |a Barcelona. Diputació. Servei de Polítiques de Diversitat i Ciutadania | ||
| 650 | 0 | |a Municipis |x Govern i administració |9 22275 | |
| 710 | |a Barcelona (Catalunya : Província). |b Àrea d'Igualtat i Ciutadania |9 7840 | ||
| 901 | |a Arxiu | ||
| 942 | |n 1 | ||
| 952 | |0 0 |1 0 |4 0 |6 FU431 |7 1 |9 52973 |a Arxiu |b Arxiu |d 2016-12-01 |l 0 |o FU-4-31 |p 19378 |r 2016-12-01 00:00:00 |w 2016-12-01 |y ARXIU | ||
| 999 | |c 56822 |d 56822 | ||